000 00572pam a2200169 a 4500
082 0 0 _a624.15136
_bFRE
_cL-N, P97
100 1 _aFrench, Samuel E.,
_932275
245 1 0 _aIntroduction to soil mechanics and shallow foundations design /
_cSamuel E. French.
260 _aEnglewood Cliffs, N.J. :
_bPrentice Hall,
_cc1989.
300 _axi, 348 p. :
_bill. ;
_c25 cm.
500 _aIncludes index.
526 _a0
_b0
_c0
_d624_151360000000000_FRE
650 0 _aFoundations
_xDesign and construction.
_921251
650 0 _aMCE
_9379
650 0 _aSoil mechanics.
942 _2ddc
_cBK
999 _c546382
_d546382